Hành chính học và cải cách hành chính
Đề cập đến hành chính, hành chính công và cải cách hành chính; phân tích về cải cách hành chính. Nghiên cứu chương trình cải cách nền hành chính Nhà nước Việt Nam.
Đã lưu trong:
| Tác giả chính: | |
|---|---|
| Định dạng: | Sách |
| Năm xuất bản: |
H.
Chính trị Quốc gia
1998
|
| Chủ đề: | |
| Tags: |
Thêm thẻ
Không có thẻ, Hãy là người đầu tiên gắn thẻ bản ghi này!
|
| LEADER | 01518nam a2200229 4500 | ||
|---|---|---|---|
| 082 | |a 351.597 |b V500H | ||
| 100 | |a Vũ Huy Từ | ||
| 245 | |a Hành chính học và cải cách hành chính |c Vũ Huy Từ chủ biên, Nguyễn Khắc Hưng | ||
| 260 | |a H. |b Chính trị Quốc gia |c 1998 | ||
| 300 | |a 267 tr. |c 19 cm. | ||
| 520 | |a Đề cập đến hành chính, hành chính công và cải cách hành chính; phân tích về cải cách hành chính. Nghiên cứu chương trình cải cách nền hành chính Nhà nước Việt Nam. | ||
| 653 | |a Hành chính học | ||
| 653 | |a Hành chính | ||
| 653 | |a Cải cách | ||
| 653 | |a Việt Nam | ||
| 942 | |2 ddc |c STK0 | ||
| 999 | |c 9017 |d 9017 | ||
| 952 | |0 0 |1 0 |2 ddc |4 0 |6 351_597000000000000_V500H |7 0 |8 300 |9 73842 |a qbu |b qbu |c D2 |d 2015-05-04 |g 17000 |o 351.597 V500H |p 8698.c1 |r 0000-00-00 |w 2015-05-04 |y STK0 | ||
| 952 | |0 0 |1 0 |2 ddc |4 0 |6 351_597000000000000_V500H |7 0 |8 300 |9 73843 |a qbu |b qbu |c D2 |d 2015-05-04 |g 17000 |o 351.597 V500H |p 8698.c2 |r 0000-00-00 |w 2015-05-04 |y STK0 | ||
| 952 | |0 0 |1 0 |2 ddc |4 0 |6 351_597000000000000_V500H |7 0 |8 300 |9 73844 |a qbu |b qbu |c D2 |d 2015-05-04 |g 17000 |l 1 |o 351.597 V500H |p 8698.c3 |r 2018-05-17 |s 2018-05-15 |w 2015-05-04 |y STK0 | ||
| 952 | |0 0 |1 0 |2 ddc |4 0 |6 351_597000000000000_V500H |7 0 |8 300 |9 73845 |a qbu |b qbu |c D2 |d 2015-05-04 |g 17000 |l 1 |o 351.597 V500H |p 8698.c4 |r 2015-05-18 |s 2015-05-12 |w 2015-05-04 |y STK0 | ||
| 952 | |0 0 |1 0 |2 ddc |4 0 |6 351_597000000000000_V500H |7 0 |8 300 |9 73846 |a qbu |b qbu |c D2 |d 2015-05-04 |g 17000 |l 2 |m 1 |o 351.597 V500H |p 8698.c5 |r 2018-05-17 |s 2018-05-15 |w 2015-05-04 |y STK0 | ||